000 02048nam a22005177a 4500
001 4812515
003 LIBRIS
005 20241030092837.0
008 011211s1987 xxu|||||||||||001 0|eng|c
020 _a0316504750 ;
_cCIP rev.
020 _a0673397335
040 _aH
_cDLC
041 _aeng
080 _a33
_bK-85
082 0 4 _a337
_219
084 _aQaea
_2kssb/6
084 _aQade
_2kssb/6
084 _aQaea
_2kssb/6
084 _aQade
_2kssb/6
100 1 _aKrugman, Paul R.,
_d1953-
_0https://libris.kb.se/b8nrwnmv49l5kds#it
245 1 0 _aInternational economics :
_btheory and policy /
_cPaul R. Krugman, Maurice Obstfeld.
260 _aGlenview, Ill.
_bLittle, Brown,
_c1987
300 _axxvii, 656, [35] s.
_bill.
_c26 cm
340 _b26 cm
650 0 _aInternational economic relations
650 0 _aInternational finance
650 4 _aInternationell ekonomi
650 4 _aInternationell ekonomi
653 _aეკონომიკა
700 1 _aObstfeld, Maurice
_0https://libris.kb.se/20dhqp5l4ccg7nz#it
887 _a{"@id":"tb4wrdd53t56bl6","modified":"2017-11-17T14:45:45+01:00","checksum":"70701609635"}
_2librisxl
887 _a{"@id":"chn86clj2r562q6","modified":"2017-02-20T10:52:55+01:00","checksum":"-1185309109"}
_2librisxl
887 _a{"@id":"fkqb8fnl3nb3v61","modified":"2018-06-05T17:38:10.3+02:00","checksum":"5580508622"}
_2librisxl
887 _a{"@id":"glrc9gpm5bpkbpf","modified":"2017-11-17T14:45:31+01:00","checksum":"-1501757203"}
_2librisxl
887 _a{"@id":"gls7rlnm5q9cl7c","modified":"2012-06-25T13:15:26+02:00","checksum":"7816575255"}
_2librisxl
900 1 s _6100
_d1953-
_uKrugman, Paul R.,
_d1953-
942 _2udc
_cBK
999 _c1187
_d1187